| 000 | 00442nam a2200181Ia 4500 | ||
|---|---|---|---|
| 008 | 220531s9999 xx 000 0 und d | ||
| 041 | _aeng | ||
| 082 |
_a- _bCAP / AHR |
||
| 100 |
_aAhrwal, B. L. _984005 |
||
| 245 | _aCapital Market in India | ||
| 250 | _a1ST | ||
| 260 |
_aAgra _bCurrent _c2013 |
||
| 300 | _a272 | ||
| 542 | _d10-07-2018 | ||
| 650 |
_aCapital Market _984006 |
||
| 906 |
_d2018-2019 _f12805 |
||
| 999 |
_c46247 _d46247 |
||